Landy w Niemczech w kolejności alfabetycznej - Statystyki

Ogólne statystyki
  • Ten quiz został rozwiązany 3 razy
  • Średni wynik to 9 z 16
Statystyki odpowiedzi
Land % Poprawnych
Badenia-Wirtembergia
100%
Bawaria
100%
Berlin
100%
Brandenburgia
50%
Brema
50%
Dolna Saksonia
50%
Hamburg
50%
Hesja
50%
Nadrenia Północna-Westfalia
50%
Saara
50%
Saksonia
50%
Saksonia-Anhalt
50%
Szlezwik-Holsztyn
50%
Turyngia
50%
Meklemburgia-Pomorze Przednie
0%
Nadrenia-Palatynat
0%
Nie znaleziono quizów pasujących do podanych kryteriów
Rozkład punktacji
Procent ludzi z każdym wynikiem
Percentyl według liczby udzielonych odpowiedzi
Twoja historia wyników
Nie rozwiązałeś tego quizu